[Event "AUT-ch Zwisch Internet"]
[Site "Playchess.com INT"]
[Date "2020.05.02"]
[Round "7"]
[White "Hatzl, Johannes"]
[Black "Lichtl, Erich"]
[Result "1-0"]
[WhiteElo "2131"]
[BlackElo "2096"]
[PlyCount "87"]
[EventDate "2020.05.02"]
[EventType "swiss (blitz)"]
[EventRounds "13"]
[EventCountry "AUT"]
[SourceTitle "CBM 195 Extra"]
[Source "ChessBase"]
[SourceDate "2020.05.31"]
[SourceVersion "1"]
[SourceVersionDate "2020.05.31"]
[SourceQuality "1"]

1. d4 c5 2. d5 e5 3. c4 d6 4. Nc3 Be7 5. e4 Bg5 6. Be2 Bxc1 7. Qxc1 Ne7 8. f4 exf4 9. Qxf4 Ng6 10. Qg3 0-0 11. Nf3 Qe7 12. 0-0 Nd7 13. Bd3 Nde5 14. Nxe5 Nxe5 15. b3 a6 16. a4 Bd7 17. Bc2 Rab8 18. Qf4 b5 19. axb5 axb5 20. cxb5 Bxb5 21. Rfe1 Bd3 22. Qd2 Bxc2 23. Qxc2 Qg5 24. Kh1 h5 25. Rf1 h4 26. Rae1 g6 27. Na4 Rb4 28. Nc3 Ng4 29. Qe2 Rxb3 30. Nd1 Rb1 31. Nf2 Rxe1 32. Qxe1 Ne3 33. Rg1 Rb8 34. Nh3 Qh6 35. Qf2 Rb3 36. Nf4 Ng4 37. Qd2 Rb4 38. Rf1 Rxe4 39. Qc1 f5 40. h3 Ne3 41. Ne6 Nxf1 42. Qxh6 Ng3+ 43. Kh2 Rxe6 44. dxe6 1-0

[Event "AUT-ch Zwisch Internet"]
[Site "Playchess.com INT"]
[Date "2020.05.02"]
[Round "5"]
[White "Lichtl, Erich"]
[Black "Breneis, Lukas"]
[Result "0-1"]
[WhiteElo "2096"]
[BlackElo "2257"]
[PlyCount "54"]
[EventDate "2020.05.02"]
[EventType "swiss (blitz)"]
[EventRounds "13"]
[EventCountry "AUT"]
[SourceTitle "CBM 195 Extra"]
[Source "ChessBase"]
[SourceDate "2020.05.31"]
[SourceVersion "1"]
[SourceVersionDate "2020.05.31"]
[SourceQuality "1"]

1. d4 d5 2. Nc3 f5 3. Bf4 e6 4. e3 c6 5. g4 Nf6 6. g5 Ne4 7. f3 Nxc3 8. bxc3 Bd6 9. Ne2 b6 10. Bg2 Ba6 11. Bxd6 Qxd6 12. Nf4 Nd7 13. Bf1 Bxf1 14. Kxf1 0-0 15. Nd3 e5 16. f4 e4 17. Ne5 Nxe5 18. dxe5 Qa3 19. Qd2 Rad8 20. Kf2 Rfe8 21. Rhb1 c5 22. Rb3 Qa4 23. Qe2 d4 24. cxd4 cxd4 25. Qb5 dxe3+ 26. Kxe3 Qd4+ 27. Ke2 Qxa1 0-1

[Event "AUT-ch Zwisch Internet"]
[Site "Playchess.com INT"]
[Date "2020.05.02"]
[Round "11"]
[White "Lichtl, Erich"]
[Black "Lerch, Johannes"]
[Result "1-0"]
[WhiteElo "2096"]
[BlackElo "2005"]
[PlyCount "81"]
[EventDate "2020.05.02"]
[EventType "swiss (blitz)"]
[EventRounds "13"]
[EventCountry "AUT"]
[SourceTitle "CBM 195 Extra"]
[Source "ChessBase"]
[SourceDate "2020.05.31"]
[SourceVersion "1"]
[SourceVersionDate "2020.05.31"]
[SourceQuality "1"]

1. d4 Nf6 2. Nc3 d5 3. Bf4 c5 4. e3 a6 5. dxc5 e6 6. Na4 Qa5+ 7. c3 Nbd7 8. b4 Qd8 9. Nf3 a5 10. a3 axb4 11. cxb4 Ne4 12. Bb5 Be7 13. 0-0 0-0 14. Bxd7 Bxd7 15. Nb6 Ra6 16. a4 h6 17. Ne5 Be8 18. f3 Nf6 19. b5 Ra7 20. Qc2 Nd7 21. Nbxd7 Bxd7 22. e4 dxe4 23. fxe4 Bf6 24. Rad1 Bxe5 25. Bxe5 Qe7 26. Bd6 Qe8 27. Bxf8 Kxf8 28. Rd6 Bc8 29. Rfd1 Ke7 30. Qf2 f6 31. e5 Qh5 32. exf6+ gxf6 33. Qc2 f5 34. c6 bxc6 35. Qxc6 Bb7 36. Rxe6+ Kf7 37. Qd7+ Kf8 38. Rf6+ Kg8 39. Qe6+ Kg7 40. Rd7+ Kh8 41. Rf8# 1-0

[Event "AUT-ch Zwisch Internet"]
[Site "Playchess.com INT"]
[Date "2020.05.02"]
[Round "13"]
[White "Lichtl, Erich"]
[Black "Meier, Alexander"]
[Result "1-0"]
[WhiteElo "2096"]
[BlackElo "2226"]
[PlyCount "75"]
[EventDate "2020.05.02"]
[EventType "swiss (blitz)"]
[EventRounds "13"]
[EventCountry "AUT"]
[SourceTitle "CBM 195 Extra"]
[Source "ChessBase"]
[SourceDate "2020.05.31"]
[SourceVersion "1"]
[SourceVersionDate "2020.05.31"]
[SourceQuality "1"]

1. b3 d6 2. Bb2 e5 3. e3 f5 4. d4 e4 5. d5 Nf6 6. Ne2 g6 7. Nf4 Bg7 8. Be2 0-0 9. h4 c5 10. Nd2 Na6 11. a3 Nc7 12. c4 a6 13. Qc2 Rb8 14. h5 g5 15. h6 Bh8 16. Nh5 Nxh5 17. Bxh8 Kxh8 18. Rxh5 Qf6 19. Rd1 Bd7 20. Nf1 Be8 21. Rh1 Bg6 22. Ng3 Rbe8 23. Nh5 Qe5 24. Ng7 Re7 25. Bh5 f4 26. Qd2 Ref7 27. b4 b6 28. bxc5 bxc5 29. Rb1 fxe3 30. fxe3 Qg3+ 31. Kd1 Rf1+ 32. Kc2 Rxh1 33. Rxh1 Rf2 34. Be2 Qxg2 35. Re1 Ne8 36. Nxe8 Bxe8 37. Qc3+ Kg8 38. Qg7# 1-0

[Event "AUT-ch Vor3 Internet"]
[Site "Playchess.com INT"]
[Date "2020.04.17"]
[Round "1"]
[White "Jeitler, Selina"]
[Black "Lichtl, Erich"]
[Result "0-1"]
[WhiteElo "1201"]
[BlackElo "2096"]
[PlyCount "42"]
[EventDate "2020.04.17"]
[EventType "swiss (blitz)"]
[EventRounds "9"]
[EventCountry "AUT"]
[SourceTitle "CBM 195 Extra"]
[Source "ChessBase"]
[SourceDate "2020.05.31"]
[SourceVersion "1"]
[SourceVersionDate "2020.05.31"]
[SourceQuality "1"]

1. e4 c6 2. d4 d5 3. c4 dxe4 4. Nc3 Nf6 5. Bg5 Bf5 6. f3 exf3 7. Nxf3 e6 8. Be2 Be7 9. 0-0 0-0 10. c5 Nd5 11. Bxe7 Qxe7 12. Ne5 Ne3 13. Qd2 Nxf1 14. Rxf1 Nd7 15. Nf3 Rad8 16. Qf4 h6 17. Qc7 Rb8 18. Ne5 Rfd8 19. Nxd7 Qxd7 20. Qg3 Qxd4+ 21. Kh1 Qxc5 0-1

[Event "AUT-ch Vor3 Internet"]
[Site "Playchess.com INT"]
[Date "2020.04.17"]
[Round "2"]
[White "Lichtl, Erich"]
[Black "Auinger, Marcel"]
[Result "1/2-1/2"]
[WhiteElo "2096"]
[BlackElo "1808"]
[PlyCount "82"]
[EventDate "2020.04.17"]
[EventType "swiss (blitz)"]
[EventRounds "9"]
[EventCountry "AUT"]
[SourceTitle "CBM 195 Extra"]
[Source "ChessBase"]
[SourceDate "2020.05.31"]
[SourceVersion "1"]
[SourceVersionDate "2020.05.31"]
[SourceQuality "1"]

1. d4 c6 2. Nc3 d5 3. Bf4 Bf5 4. e3 e6 5. f3 Bd6 6. Nge2 Nf6 7. g4 Bg6 8. h4 h6 9. Bxd6 Qxd6 10. Nf4 Bh7 11. Bd3 Bxd3 12. Qxd3 Nbd7 13. 0-0-0 0-0-0 14. Kb1 c5 15. dxc5 Nxc5 16. Qd2 Qb6 17. Nd3 Kb8 18. Nxc5 Qxc5 19. g5 hxg5 20. hxg5 Rxh1 21. Rxh1 Nd7 22. a3 Ne5 23. Qh2 f6 24. gxf6 gxf6 25. f4 Nc4 26. f5+ e5 27. Qh6 Qb6 28. Na4 Qd6 29. Ka2 Nb6 30. Nxb6 Qxb6 31. Rg1 Qd6 32. Rg6 Rf8 33. Qg7 d4 34. exd4 exd4 35. Rg3 Rc8 36. Rb3 Qc7 37. Qxf6 Qxc2 38. Qe5+ Ka8 39. Qxd4 Qxf5 40. Rb4 Qe6+ 41. Rb3 Qc6 1/2-1/2

[Event "AUT-ch Vor3 Internet"]
[Site "Playchess.com INT"]
[Date "2020.04.17"]
[Round "3"]
[White "Lichtl, Erich"]
[Black "Weichhart, Daniel"]
[Result "0-1"]
[WhiteElo "2096"]
[BlackElo "1648"]
[PlyCount "148"]
[EventDate "2020.04.17"]
[EventType "swiss (blitz)"]
[EventRounds "9"]
[EventCountry "AUT"]
[SourceTitle "CBM 195 Extra"]
[Source "ChessBase"]
[SourceDate "2020.05.31"]
[SourceVersion "1"]
[SourceVersionDate "2020.05.31"]
[SourceQuality "1"]

1. d4 e6 2. Nc3 Nf6 3. Bf4 d5 4. e3 Bd6 5. Bd3 Bxf4 6. exf4 Nbd7 7. Nce2 c5 8. c3 Qb6 9. Rb1 0-0 10. Nf3 Qc7 11. 0-0 b6 12. Ne5 Ne4 13. f3 Nd6 14. Kh1 f6 15. Ng4 Nf5 16. Bxf5 exf5 17. Ne3 Nb8 18. Nxd5 Qd6 19. Ne3 Re8 20. Qd3 Qe6 21. Rbe1 Qxe3 22. Qd1 Qe6 23. d5 Qd7 24. c4 Ba6 25. b3 b5 26. Qc2 bxc4 27. bxc4 Qc8 28. Ng3 Nd7 29. Nxf5 Rxe1 30. Rxe1 Kf8 31. Ne7 Qd8 32. Qxh7 Qxe7 33. Rxe7 Kxe7 34. Qxg7+ Kd6 35. h4 Re8 36. h5 Bxc4 37. h6 Bxd5 38. h7 c4 39. h8Q Rxh8+ 40. Qxh8 c3 41. Qc8 Bc6 42. Qa6 Nc5 43. Qc4 Na4 44. Kh2 a6 45. Kg3 Bb5 46. Qd4+ Kc6 47. Qxf6+ Kc5 48. Qf5+ Kc4 49. Kh4 Kb4 50. g4 Ka3 51. g5 Kb2 52. g6 c2 53. Qe5+ Kxa2 54. Qe1 Kb2 55. Qd2 Kb1 56. g7 Bc4 57. Qb4+ Nb2 58. Qxc4 Nxc4 59. g8Q c1Q 60. Qb8+ Nb2 61. f5 Qh1+ 62. Kg5 Qxf3 63. Kg6 Qg4+ 64. Kf6 a5 65. Qb5 Qd4+ 66. Ke7 Qe4+ 67. Kf6 a4 68. Kg7 a3 69. f6 Qd4 70. Qf1+ Ka2 71. Kg8 Qc4+ 72. f7 Qxf1 73. f8Q Qxf8+ 74. Kxf8 Kb1 0-1

[Event "AUT-ch Vor2 Internet"]
[Site "Playchess.com INT"]
[Date "2020.04.13"]
[Round "7"]
[White "Lichtl, Erich"]
[Black "Griessnig, Thomas"]
[Result "1-0"]
[WhiteElo "2096"]
[BlackElo "1895"]
[PlyCount "113"]
[EventDate "2020.04.13"]
[EventType "swiss (blitz)"]
[EventRounds "9"]
[EventCountry "AUT"]
[SourceTitle "CBM 195 Extra"]
[Source "ChessBase"]
[SourceDate "2020.05.31"]
[SourceVersion "1"]
[SourceVersionDate "2020.05.31"]
[SourceQuality "1"]

1. d4 c5 2. dxc5 e6 3. Nc3 Bxc5 4. Ne4 Be7 5. Nd6+ Bxd6 6. Qxd6 Ne7 7. e4 0-0 8. Nf3 a6 9. Bd3 b5 10. Bd2 Bb7 11. 0-0 Nbc6 12. Qg3 Ng6 13. h4 Qb8 14. e5 Ncxe5 15. Nxe5 Qxe5 16. f4 Qc5+ 17. Kh1 Qc6 18. Bc3 f6 19. h5 Nh4 20. Rf2 Nf5 21. Bxf5 exf5 22. Re1 Rae8 23. Rfe2 Re4 24. h6 g6 25. Rxe4 fxe4 26. f5 g5 27. Qe3 d5 28. Rd1 Qd6 29. Bd4 Rc8 30. c3 b4 31. cxb4 Qf4 32. Qxf4 gxf4 33. Bxf6 Rc3 34. Bxc3 f3 35. gxf3 exf3 36. Kg1 d4 37. Bxd4 f2+ 38. Kxf2 Kf7 39. Ke3 Bc6 40. Kf4 Bb5 41. b3 Be2 42. Re1 Bb5 43. Re5 Kf8 44. a4 Kf7 45. axb5 axb5 46. Rxb5 Kg8 47. Rb7 Kf8 48. Rxh7 Kg8 49. Rg7+ Kh8 50. Rg6+ Kh7 51. Rc6 Kg8 52. b5 Kf8 53. b6 Kf7 54. b7 Ke7 55. b8Q Kf7 56. Qb7+ Ke8 57. Rc8# 1-0

[Event "AUT-ch Vor1 Internet"]
[Site "Playchess.com INT"]
[Date "2020.04.11"]
[Round "7"]
[White "Froewis, Georg"]
[Black "Lichtl, Erich"]
[Result "1-0"]
[WhiteElo "2457"]
[BlackElo "2096"]
[PlyCount "69"]
[EventDate "2020.04.11"]
[EventType "swiss (blitz)"]
[EventRounds "9"]
[EventCountry "AUT"]
[SourceTitle "CBM 195 Extra"]
[Source "ChessBase"]
[SourceDate "2020.05.31"]
[SourceVersion "1"]
[SourceVersionDate "2020.05.31"]
[SourceQuality "1"]

1. Nf3 b6 2. g3 Bb7 3. Bg2 e6 4. c4 f5 5. Nc3 Nf6 6. 0-0 Be7 7. d3 0-0 8. b3 a6 9. Bb2 Qe8 10. Qd2 d6 11. Nd4 Bxg2 12. Kxg2 Bd8 13. Nc2 e5 14. e3 Nbd7 15. f4 Qh5 16. Qe2 Qg6 17. Rae1 Be7 18. d4 Rae8 19. Qf3 e4 20. Qe2 h5 21. Kh1 c6 22. Rg1 Kf7 23. Nb4 Nb8 24. d5 c5 25. Nc2 Rh8 26. Nd1 h4 27. g4 fxg4 28. Bxf6 Qxf6 29. Rxg4 Nd7 30. Reg1 Reg8 31. Qg2 Rh7 32. Qxe4 h3 33. Rg6 Qh4 34. Qe6+ Ke8 35. Qxg8+ 1-0

[Event "AUT-ch Vor1 Internet"]
[Site "Playchess.com INT"]
[Date "2020.04.11"]
[Round "2"]
[White "Lohr, Thomas"]
[Black "Lichtl, Erich"]
[Result "0-1"]
[WhiteElo "1203"]
[BlackElo "2096"]
[PlyCount "48"]
[EventDate "2020.04.11"]
[EventType "swiss (blitz)"]
[EventRounds "9"]
[EventCountry "AUT"]
[SourceTitle "CBM 195 Extra"]
[Source "ChessBase"]
[SourceDate "2020.05.31"]
[SourceVersion "1"]
[SourceVersionDate "2020.05.31"]
[SourceQuality "1"]

1. e4 c6 2. Nf3 d5 3. e5 c5 4. c3 Nc6 5. Bb5 a6 6. Bxc6+ bxc6 7. d4 Bf5 8. 0-0 e6 9. Bf4 Rb8 10. Bg3 Rxb2 11. Nbd2 h5 12. c4 h4 13. Nxh4 Rxh4 14. Bxh4 Qxh4 15. h3 Be7 16. Qa4 Rxd2 17. Qxa6 f6 18. Qxc6+ Kf7 19. a4 Qg5 20. Ra3 cxd4 21. Rf3 Be4 22. Rg3 Qxe5 23. Rg5 Qxg5 24. cxd5 Qxg2# 0-1